|
|
|
|
| LEADER |
02056nam a2200517 4500 |
| 001 |
ocn897115960 |
| 003 |
OCoLC |
| 005 |
20180501122023.0 |
| 006 |
m o d |
| 007 |
cr cnu|||unuuu |
| 008 |
141201s2014 enka ob 001 0 eng d |
| 040 |
|
|
|a N$T
|b eng
|e rda
|e pn
|c N$T
|d EBLCP
|d YDXCP
|d OCLCO
|d N$T
|d UIU
|d OPELS
|d IDEBK
|d DEBSZ
|d NRC
|d OCLCO
|d OCLCQ
|d DEBBG
|d OCLCA
|d MEU
|d GrThAP
|
| 019 |
|
|
|a 899560965
|
| 020 |
|
|
|a 9780128004432
|q (electronic bk.)
|
| 020 |
|
|
|a 0128004436
|q (electronic bk.)
|
| 020 |
|
|
|a 9780128001769
|
| 020 |
|
|
|a 0128001763
|
| 035 |
|
|
|a (OCoLC)897115960
|z (OCoLC)899560965
|
| 050 |
|
4 |
|a QH445.2
|b N48 2014eb
|
| 060 |
|
4 |
|a QW 51
|
| 072 |
|
7 |
|a SCI
|x 008000
|2 bisacsh
|
| 072 |
|
7 |
|a SCI
|x 045000
|2 bisacsh
|
| 082 |
0 |
4 |
|a 579.3/135
|2 23
|
| 049 |
|
|
|a TEFA
|
| 245 |
0 |
0 |
|a New Approaches to Prokaryotic Systematics /
|c edited by Michael Goodfellow, Iain Sutcliffe, Jongsik Chun.
|
| 250 |
|
|
|a First edition.
|
| 264 |
|
1 |
|a London :
|b Elsevier/Academic Press,
|c 2014.
|
| 300 |
|
|
|a 1 online resource (xix, 327 pages :
|b illustrations).
|
| 336 |
|
|
|a text
|b txt
|2 rdacontent
|
| 337 |
|
|
|a computer
|b c
|2 rdamedia
|
| 338 |
|
|
|a online resource
|b cr
|2 rdacarrier
|
| 490 |
1 |
|
|a Methods in microbiology ;
|v volume 41
|
| 546 |
|
|
|a Text in English.
|
| 504 |
|
|
|a Includes bibliographical references and index.
|
| 650 |
|
0 |
|a Prokaryotes
|x Genome mapping.
|
| 650 |
|
0 |
|a Prokaryotes
|x Genetics.
|
| 650 |
|
2 |
|a Bacteria
|x genetics.
|0 (DNLM)D001419Q000235
|
| 650 |
|
7 |
|a SCIENCE
|x Life Sciences
|x Biology.
|2 bisacsh
|
| 650 |
|
7 |
|a SCIENCE
|x Life Sciences
|x Microbiology.
|2 bisacsh
|
| 655 |
|
4 |
|a Electronic books.
|
| 700 |
1 |
|
|a Goodfellow, M.,
|e editor.
|
| 700 |
1 |
|
|a Sutcliffe, Iain,
|e editor.
|
| 700 |
1 |
|
|a Chun, Jongsik,
|e editor.
|
| 776 |
0 |
8 |
|i Print version:
|t New approaches to prokaryotic systematics.
|b First edition.
|d London : Elsevier/Academic Press, 2014
|z 0128001763
|z 9780128001769
|w (OCoLC)889647159
|
| 830 |
|
0 |
|a Methods in microbiology ;
|v v. 41.
|
| 856 |
4 |
0 |
|u https://www.sciencedirect.com/science/bookseries/05809517/41
|z Full Text via HEAL-Link
|